logo

Bir Sreshtho Munshi Abdur Rouf Library
Jhenaidah Cadet College

সায়েন্স ফিকশন রোবট সিরিজ: (Record no. 11879)

MARC details
000 -LEADER
fixed length control field 00870nam a2200241 a 4500
001 - CONTROL NUMBER
JCCL Control Number 11879
003 - CONTROL NUMBER IDENTIFIER
JCCL marc code BD-JhCC
005 - DATE AND TIME OF LATEST TRANSACTION
control field 20220804134023.0
008 - FIXED-LENGTH DATA ELEMENTS--GENERAL INFORMATION
fixed length control field 201123t2014 bg ||||| |||| 00| 0 ben d
020 ## - INTERNATIONAL STANDARD BOOK NUMBER
International Standard Book Number 9847020900054
035 ## - SYSTEM CONTROL NUMBER
system control number (BD-JhCC) 11879
040 ## - CATALOGING SOURCE
Original cataloging agency BD-JhCC
Modifying agency BD-JhCC
041 ## - LANGUAGE CODE
Language code of Book ben
082 ## - DEWEY DECIMAL CLASSIFICATION NUMBER
Classification number 891.44
Author mark and Year ASI 2008
100 ## - MAIN ENTRY--PERSONAL NAME
Personal name আসিমভ, আইজাক
245 ## - TITLE STATEMENT
Title সায়েন্স ফিকশন রোবট সিরিজ:
Remainder of title দ্য কেভস অব স্টিল /
Statement of responsibility, etc অনুঃ সাদেকুল আহসান
260 ## - PUBLICATION, DISTRIBUTION, ETC. (IMPRINT)
Place of publication, distribution, etc ঢাকাঃ
Name of publisher, distributor, etc সন্দেশ;
Date of publication, distribution, etc ২০০৮.
300 ## - PHYSICAL DESCRIPTION
Pagination ২৩৯ পৃ. ;
Dimensions ২২ সেমি.
650 ## - SUBJECT ADDED ENTRY--TOPICAL TERM
Topical term or geographic name as entry element Science Fiction
Form subdivision Bangladesh
700 ## - ADDED ENTRY--PERSONAL NAME
Personal name আহসান, সাদেকুল
942 ## - ADDED ENTRY ELEMENTS (KOHA)
Source of classification or shelving scheme Dewey Decimal Classification
Koha item type Books
Koha issues (borrowed), all copies 1
Holdings
Source of classification or shelving scheme Damaged status Not for loan Home library Current library Shelving location Date of accession Source of acquisition Cost, normal purchase price Total Checkouts Full call number Barcode Date last seen Date checked out Copy number Koha item type
Dewey Decimal Classification     JCC Rouf Library JCC Rouf Library General Stacks 09/20/2023 Lt. Gen. Mahfuzur Rahman 247.00 1 891.44 ASIM 2008 16335 09/21/2023 09/20/2023 C-1 Books
Dewey Decimal Classification     JCC Rouf Library JCC Rouf Library General Stacks 02/28/2021 Lt. Gen. Mahfuzur Rahman (10th intake) 247.00 1 891.44 ASI 2008 16394 11/05/2022 08/04/2022 C-2 Books

JCC Library | Contacts | JCC Home

Last Update on 23 September 2017
Copyright @ 2017-2020 JCC Rouf Library
Rouf Library, Jhenidah Cadet College (JCC), Bangladesh